000
00316 a2200109 4500
001
ART_30610
005
20260410162002.0
008
260409a
245
1
0
_a
La progresividad del sistema tributario
100
1
_a
Macon, Jorge
773
0
_t
Foro económico
_g
- Año II, Nº 3 (nov. 1996)
_w
REV30369
999
_c
31414
_d
31414